000 00746nam a2200241 i 4500
001 17908
003 ES-MaACL
005 20230906151719.0
007 t|
008 010619s1997 sp ||||1| spa d
020 _a84-01-53015-6
080 _a946.0"1936/39"
100 1 _aDíaz-Plaja, Fernando,
_d1918-2012
_944396
245 1 4 _aLos grandes procesos de la Guerra Civil española /
_cFernando Díaz-Plaja.
250 _a1ª ed.
260 _aBarcelona :
_bPlaza & Janés,
_c1997.
300 _a293, 32 p. :
_bil. ;
_c23 cm.
490 1 _aAsí fue ;
_v13
651 4 _aEspaña-
_xHistoria-
_y1936-1939, Guerra civil.
_98292
830 0 _aAsí fue ;
_v13
_9179780
852 _aES-MaACL
_jL-24708
_bR.129610
999 _c17908
_d17908